Teória ekonomickej nerovnováhy

Enregistré dans:
Détails bibliographiques
Auteur principal: Přívarová, Magdaléna, 1955-
Format: Livre
Langue:slovaque
Publié: Bratislava Elita 1995
Édition:1. vyd.
Sujets:
Tags: Ajouter un tag
Pas de tags, Soyez le premier à ajouter un tag!

MARC

LEADER 00000nam a2200000 4500
001 c009771
005 20221128074150.8
020 |a 80-85323-88-5 
041 0 |a slo 
044 |a SK 
245 1 0 |a Teória ekonomickej nerovnováhy  |c Magdaléna Přívarová 
250 |a 1. vyd. 
264 1 |a Bratislava  |b Elita  |c 1995 
300 |a 155 s. 
610 2 0 |a teória nerovnováhy ekonomickej 
610 2 0 |a rast hospodársky nerovnovážny 
610 2 0 |a nerovnováha hospodárska 
610 2 0 |a makroekonomika 
610 2 0 |a nástroje ekonomické 
100 1 |a Přívarová, Magdaléna, 1955-